Ashtanga yoga (Record no. 310445)
[ view plain ]
| 000 -LEADER | |
|---|---|
| fixed length control field | 00466 a2200193 4500 |
| 005 - DATE & TIME | |
| control field | 20250108143228.0 |
| 008 - FIXED-LENGTH DATA ELEMENTS--GENERAL INFORMATION | |
| fixed length control field | 240724b |||||||| |||| 00| 0 eng d |
| 020 ## - ISBN | |
| International Standard Book Number | 9788192054964 |
| Price | Rs. 795.00 |
| 040 ## - CATALOGING SOURCE | |
| Original cataloging agency | VIVEKANANDA LIBRARY |
| 082 ## - DDC NUMBER | |
| Classification number | 181.45 |
| Book Number | P565A |
| 100 ## - MAIN ENTRY--PERSONAL NAME | |
| Personal name | Phogat, Sonu |
| 245 ## - TITLE STATEMENT | |
| Title | Ashtanga yoga |
| 260 ## - PUBLICATION, DISTRIBUTION, ETC. (IMPRINT) | |
| Name of publisher, distributor, etc | Raghav Publications |
| Date of publication, distribution, etc | 2022 |
| Place of publication, distribution, etc | New Delhi |
| 300 ## - PHYSICAL DESCRIPTION | |
| Pages | 244 |
| 650 ## - Subject | |
| Subject | Philosophy |
| 650 ## - Subject | |
| Subject | Yoga |
| 650 ## - Subject | |
| Subject | Ashtanga Yoga |
| 942 ## - ADDED ENTRY ELEMENTS (KOHA) | |
| Koha item type | Books |
| Withdrawn status | Lost status | Source of classification or shelving scheme | Damaged status | Not for loan | Location (home branch) | Sublocation or collection (holding branch) | Shelving location | Date acquired | Koha issues (times borrowed) | Koha full call number | Accession No. | Koha date last seen | Koha item type |
|---|---|---|---|---|---|---|---|---|---|---|---|---|---|
| Dewey Decimal Classification | VIVEKANANDA LIBRARY | VIVEKANANDA LIBRARY | Vivekananda Library | 01/04/2024 | 181.45 P565A | 409581 | 01/04/2024 | Books | |||||
| Dewey Decimal Classification | VIVEKANANDA LIBRARY | VIVEKANANDA LIBRARY | Vivekananda Library | 01/04/2024 | 181.45 P565A | 409579 | 01/04/2024 | Books | |||||
| Dewey Decimal Classification | VIVEKANANDA LIBRARY | VIVEKANANDA LIBRARY | Vivekananda Library | 01/04/2024 | 181.45 P565A | 409580 | 01/04/2024 | Books |
